000 00421nam a22001457a 4500
005 20180823120122.0
020 _a817000389X
_c375.00
035 _aB-220010, B-220018
037 _aDPL
_bENG
100 _aMohanraj, V.M.
245 _aLibrary services for children /
_cby V. M. Mohanraj
260 _aNew Delhi
_bEss Ess Publications
_c2004
300 _a183p.
_c20 cms.
942 _2ddc
_cEN
_h027.625
_mMOH
999 _c63576
_d63576